| 000 | 00768nam a2200217 i 4500 | ||
|---|---|---|---|
| 001 | 67423 | ||
| 003 | ES-MaACL | ||
| 005 | 20250829045822.0 | ||
| 007 | t| | ||
| 008 | 190701s1971 sp ||||0| spa d | ||
| 100 | 1 |
_aDube, Wolf-Dieter. _9156881 |
|
| 245 | 1 | 0 |
_aTesoros de la pintura en la Pinacoteca de Munich / _cWolf-Dieter Dube ; traducción de Pilar Casanova de Massot. |
| 260 |
_aMadrid : _bDaimon, _c1971. |
||
| 300 |
_a304 p., 26 lam. : _bil. ; _c22 cm. |
||
| 490 | 1 |
_aColección "Tesoros de los Grandes Museos ; _v9 |
|
| 610 | 2 | 4 |
_aAlte Pinakothek (Munich) _9145232 |
| 700 | 1 |
_aCasanova de Massot, P. _936111 |
|
| 830 | 0 | 0 |
_aColección "Tesoros de los grandes museos" _v9 _9178969 |
| 852 |
_aES-MaACL _jP-583-Bis-9 |
||
| 999 |
_c67423 _d67423 |
||